<The> Marketing Tools in the Process of Linking the Academic amd Business Sphere

Saved in:
Bibliographic Details
Main Author: Drábik, Henrich
Format: Book Chapter
Language:English
Subjects:
Tags: Add Tag
No Tags, Be the first to tag this record!

MARC

LEADER 00000nla a2200000 4500
001 0240908
005 20240502073924.7
041 0 |a eng 
044 |a SK 
245 1 0 |a <The> Marketing Tools in the Process of Linking the Academic amd Business Sphere  |c Henrich Drábik 
500 |a Abstrakt 
610 2 0 |a marketing 
610 2 0 |a teória a prax 
610 2 0 |a univerzity 
610 2 0 |a podnikanie 
100 1 |a Drábik, Henrich